Todos os clubes do Brasileirão Série A, B, C e D (2026) - Statistics

Estatísticas Gerais
  • Esse quiz foi jogado 177 vezes
  • A pontuação média é 89 de 156
Estatísticas das Respostas
Série A % Correto
Flamengo
100%
Palmeiras
100%
Corinthians
99%
Atlético-MG
98%
Botafogo
98%
Botafogo-PB
98%
Botafogo-SP
98%
Cruzeiro
98%
Fluminense
98%
Fluminense-PI
98%
Remo
98%
São Paulo
98%
Vasco da Gama
98%
Bahia
97%
Grêmio
97%
Internacional
97%
Nacional-AM
97%
Santos
97%
Chapecoense
96%
Coritiba
96%
Fortaleza
96%
Red Bull Bragantino
96%
Vitória-ES
96%
Ceará
95%
Sport
95%
Vitória
95%
Mirassol
94%
Athletic
93%
Goiás
91%
America
90%
América de Natal
90%
América-MG
90%
Juventude
90%
Paysandu
90%
Athlético-PR
89%
Ponte Preta
88%
Cuiabá
87%
Avaí
86%
Criciúma
86%
Naútico
86%
Amazonas
85%
Operário-MS
85%
Operário-PR
85%
Operário VG
85%
Londrina
84%
Atlético-GO
83%
CRB
83%
Vila Nova
82%
Santa Cruz
81%
Novorizontino
80%
Guarani
77%
CSA
76%
Caxias
75%
Figueirense
75%
Volta Redonda
74%
Portuguesa-RJ
73%
Portuguesa
72%
São Bernardo
71%
ABC
68%
Barra
68%
Ferroviária
68%
Joinville
67%
Sampaio Corrêa
67%
Sampaio Corrêa-RJ
67%
Brasiliense
65%
Manaus
65%
Confiança
63%
Brusque
62%
Ituano
62%
Maringá
62%
Ypiranga de Erechim
59%
Floresta
58%
Gama
57%
Maranhão
57%
Retrô
57%
Ferroviário
56%
Inter de Limeira
55%
Itabaiana
53%
Sergipe
53%
Brasil de Pelotas
52%
Anápolis
51%
Nova Iguaçu
51%
Rio Branco-ES
51%
Juazeirense
50%
São José-RS
50%
Tombense
50%
Treze
50%
ASA
49%
Moto Club
49%
Altos
47%
Madureira
47%
Porto
45%
Luverdense
44%
Sousa
44%
Mixto
41%
Jacuipense
39%
Tocantinópolis
39%
Tuna Luso
39%
Água Santa
38%
Marcílio Dias
36%
XV de Piracicaba
36%
Manauara
35%
Ceilândia
34%
Central
34%
FC Cascavel
34%
Pouso Alegre
34%
São Raimundo-RR
34%
Trem
34%
Uberlândia
34%
Guarany de Bagé
33%
Piauí
33%
Capital-DF
31%
Gazin Porto Velho
31%
Imperatriz
31%
Lagarto
31%
União Rondonópolis
31%
Betim Futebol
30%
GAS
30%
Maricá
30%
Velo Clube
30%
Aparecidense
29%
Azuriz
29%
Iguatu
29%
Maracanã-CE
29%
São Luiz
29%
CSE
28%
Humaitá
28%
Cianorte
27%
Goiatuba
26%
Independência
26%
Santa Catarina
26%
CRAC
25%
Maguary
25%
Noroeste
25%
Primavera
24%
Atlético de Alagoinhas
23%
Atlético Cearense
22%
Laguna
22%
Democrata GV
21%
Araguaína
20%
Galvez
20%
IAPE
20%
Blumenau
19%
Monte Roraima
18%
Oratório
18%
Parnahyba
18%
Real Noroeste
18%
São Joseense
18%
Guaporé
16%
Serra Branca
15%
Tirol
13%
Inhumas
12%
ABECAT
11%
FC Pantanal
10%
Decisão Goiana
5%
Águia da Marabá
2%
Nenhum quiz correspondente encontrado
Distribuição das Pontuações
Porcentagem de Pessoas com Cada Pontuação
Percentil de Números Respondidos
Sua Pontuação Histórica
Você não jogou esse quiz